Statistiche per Riconosci il Calciatore - Quiz n°35

Clicka qui per fare il quiz!

Statistiche generali

  • Questo quiz è stato fatto 6 volte
  • Il punteggio medio è 14 su 20

Statistiche sulle risposte

IndizioRisposta% Corretto
Trofei per clubCoppa d'Inghilterra: 1
Chelsea: 2017-2018
UEFA Europa League: 1
Chelsea: 2018-2019
Supercoppa UEFA: 1
Chelsea: 2021
100%
RuoloDifensore
100%
NazionalitàInghilterra / Galles
100%
Squadra di club 7Leeds Utd 2023-
100%
Trofei individuali0
75%
Trofei per nazionali0
75%
Data di nascita14/09/200
75%
Squadra di club 2Chelsea 2017-2019
75%
Squadra di club 1Exeter City 2016-2017
75%
Squadra di club 3Red Bull Lipsia 2019-2020
75%
Squadra di club 4Sheffield United 2020-2021
75%
Squadra di club 6Spezia 2022-2023
75%
Squadra di club 5Venezia 2021-2022
75%
Gol in nazionale0
50%
Gol nei club1
50%
Presenze nei club147
50%
Altezza182 cm
50%
Presenze in nazionale49
50%
Peso78 kg
50%
CalciatoreEthan Ampadu
50%

Distribuzione punteggi

Percentile per numero di risposta

Percentuale di utenti per punteggio

I tuoi punteggi nel tempo

Non hai fatto questo quiz